000 00589nam a2200217Ia 4500
003 OSt
005 20220928121947.0
006 a|||||r|||| 00| 0
007 ta
008 220927b |||||||| |||| 00| 0 eng d
024 _a64788
037 _cReference Collections
040 _aSDCL
_cSDCL
_beng
041 _2eng
_aeng
082 _aXk1,N96, N6
245 0 _aBusiness and economics research directory
260 _aLondon
_bEuropa Publications
_c1996
300 _axiii,624p.
_ccm.
942 _hXk1,N96, N6
_cREF
_2CC
999 _c768726
_d768726